| 000 | 00543nam a22001577a 4500 | ||
|---|---|---|---|
| 999 |
_c534069 _d534069 |
||
| 020 | _qHard Cover. | ||
| 082 | _a616 | ||
| 100 | _aKhalid, Mediha | ||
| 245 |
_aTranscription Anyalysis of Host Genes Interacting Wtih HCV During Cellular Signaling Events in Chronic HCV Patients / _cMediha Khalid. |
||
| 260 |
_aIslamabad : _bASAB - NUST, _c2012. |
||
| 300 | _c30cm. | ||
| 942 |
_2ddc _cTHE |
||
| 650 |
_aVirology and Immunology MS-Thesis. _927783 |
||
| 700 |
_aDr. Sobia Manzoor. _919265 |
||